Riconosci la Stato degli Stati Uniti - Quiz n°5 - Statistics

Statistiche generali
  • Questo quiz è stato fatto 7 volte
  • Il punteggio medio è 8 su 10
Statistiche sulle risposte
Indizio Risposta % Corretto
Altitudine 0 - 1 458 m s.l.m.
100%
Popolazione 10 711 908 ab.
100%
Superficie 153 909 km²
100%
Iniziale della Capitale A
100%
Rappresentanza parlamentare 14 Rappresentanti: 6 D, 8 R 2 Senatori: Raphael Warnock (D), Jon Ossoff (D)
71%
Numero contee 159
71%
Data di istituzione 2 gennaio 1788
71%
Numero stati confinanti 5
71%
Fuso orario UTC-5
71%
Stato federale Georgia
57%
Nessun quiz corrispondente trovato
Distribuzione punteggi
Percentuale di utenti per punteggio
Percentile per numero di risposta
I tuoi punteggi nel tempo
Non hai fatto questo quiz